| 000 | 00479nam a22001937a 4500 | ||
|---|---|---|---|
| 003 | MPLRDC | ||
| 005 | 20220104144306.0 | ||
| 008 | 210129b ||||| |||| 00| 0 eng d | ||
| 020 | _a7-108-00039-3 | ||
| 082 | _a490.8 FSFX | ||
| 100 | _a富山芳雄原著, 鲁军等编译 | ||
| 245 |
_a人材培养百原则 _c |
||
| 250 | _a一版一刷 | ||
| 260 |
_a _b三联书店 _c1988 |
||
| 300 | _b平 | ||
| 490 | _a科学与生活丛书 | ||
| 650 | _a | ||
| 942 |
_cBK _o490.8 FSFX |
||
| 999 |
_c48208 _d48198 |
||